[Event "4. Moscu Open 2008"]
[Site "Moscu RUS"]
[Date "2008.02.08"]
[Round "7.6"]
[White "Korobov, Anton"]
[Black "Malakhov, Vladimir"]
[Result "1/2-1/2"]
[WhiteElo "2573"]
[BlackElo "2689"]
[PlyCount "83"]
[EventDate "2008.02.02"]
[EventType "swiss"]
[EventRounds "9"]
[EventCountry "RUS"]
[Source "lmi"]
[SourceDate "2008.02.02"]

1. d4 d5 2. c4 c6 3. Nc3 Nf6 4. Nf3 e6 5. Bg5 Nbd7 6. cxd5 exd5 7. e3 Be7 8.
Bd3 Nh5 9. Bxe7 Qxe7 10. O-O g6 11. a3 O-O 12. b4 a6 13. Qb3 Nb6 14. a4 Bg4 15.
Ne5 Be6 16. Qb2 Ng7 17. Rfe1 Rfd8 18. a5 Nc8 19. e4 f6 20. Nf3 dxe4 21. Nxe4
Bd5 22. Nc3 Qf7 23. Nxd5 cxd5 24. b5 axb5 25. Qxb5 Nd6 26. Qb4 Ngf5 27. Rac1 h5
28. Rc5 Rd7 29. h4 Kg7 30. Qc3 Kf8 31. g3 Rad8 32. Qc1 Kg7 33. Qf4 Re7 34. Rxe7
Nxe7 35. Nd2 Rd7 36. Nb1 Qe6 37. Nc3 Nc4 38. Kg2 b6 39. axb6 Nxb6 40. Bb5 Ra7
41. Rc7 Nbc8 42. Rxa7 1/2-1/2

[Event "4. Moscu Open 2008"]
[Site "Moscu RUS"]
[Date "2008.02.08"]
[Round "7.8"]
[White "Yemelin, Vasily"]
[Black "Naiditsch, Arkadij"]
[Result "0-1"]
[WhiteElo "2562"]
[BlackElo "2638"]
[PlyCount "178"]
[EventDate "2008.02.02"]
[EventType "swiss"]
[EventRounds "9"]
[EventCountry "RUS"]
[Source "lmi"]
[SourceDate "2008.02.02"]

1. e4 c5 2. Nf3 Nf6 3. e5 Nd5 4. Nc3 e6 5. Nxd5 exd5 6. d4 Nc6 7. Be2 d6 8.
exd6 Bxd6 9. c3 O-O 10. O-O Bf5 11. Bg5 Qd7 12. Qd2 c4 13. Bh4 f6 14. Bg3 b5
15. Ne1 b4 16. Nc2 bxc3 17. bxc3 Rab8 18. Rfb1 Ne7 19. Qc1 Bxg3 20. hxg3 Qa4
21. Bd1 Qa5 22. Rxb8 Rxb8 23. Nb4 Qb6 24. Bf3 Be6 25. Qf4 Rd8 26. Re1 a5 27.
Nc2 Kf7 28. Bg4 Rd6 29. Kh2 Bxg4 30. Qxg4 g6 31. Qf4 Re6 32. Rxe6 Kxe6 33. Qg4+
Nf5 34. Qe2+ Kd7 35. g4 Nd6 36. Ne3 Ne4 37. Qc2 Qb5 38. f3 Ng5 39. Kg1 Ke6 40.
Kf2 Kf7 41. Qc1 Ne6 42. g3 Ke8 43. f4 Kd7 44. Qa3 Nc7 45. f5 g5 46. Kf3 Qb6 47.
Qa4+ Kd6 48. Qa3+ Kc6 49. Qe7 Kb5 50. Qd7+ Qc6 51. a4+ Kb6 52. Qc8 Qd6 53. Qb8+
Kc6 54. Qa7 Qe7 55. Qxa5 Qe4+ 56. Kf2 h5 57. gxh5 g4 58. Nf1 Qxf5+ 59. Kg1 Qxh5
60. Qc5+ Kd7 61. a5 Qf5 62. a6 Qb1 63. Qa3 Kc6 64. Qf8 Nxa6 65. Qxf6+ Kb7 66.
Qf2 Nc7 67. Kh2 Qd3 68. Qb2+ Kc6 69. Qa1 Kb6 70. Qb2+ Nb5 71. Qf2 Nxc3 72. Ne3
Ka5 73. Nxg4 Ne4 74. Qe1+ c3 75. Ne3 Qxd4 76. Kg2 Qd3 77. g4 d4 78. Qa1+ Kb5
79. Nf5 Qe2+ 80. Kh3 Nf2+ 81. Kh2 Ne4+ 82. Kh3 Qf3+ 83. Kh4 Qf2+ 84. Kh5 Ng3+
85. Nxg3 Qh2+ 86. Kg5 Qxg3 87. Qb1+ Kc4 88. Qa2+ Kd3 89. Qb1+ Kd2 0-1

[Event "4. Moscu Open 2008"]
[Site "Moscu RUS"]
[Date "2008.02.08"]
[Round "7.9"]
[White "Tregubov, Pavel V"]
[Black "Svetushkin, Dmitry"]
[Result "1/2-1/2"]
[WhiteElo "2636"]
[BlackElo "2565"]
[PlyCount "129"]
[EventDate "2008.02.02"]
[EventType "swiss"]
[EventRounds "9"]
[EventCountry "RUS"]
[Source "lmi"]
[SourceDate "2008.02.02"]

1. d4 d5 2. c4 c6 3. Nf3 Nf6 4. e3 Bg4 5. h3 Bxf3 6. Qxf3 e6 7. Nc3 Nbd7 8. Bd2
Bb4 9. Bd3 O-O 10. a3 Ba5 11. b4 Bc7 12. cxd5 cxd5 13. O-O Nb6 14. Rac1 Qd7 15.
g3 Bd6 16. e4 dxe4 17. Nxe4 Nxe4 18. Bxe4 Rab8 19. Rfd1 Qe7 20. h4 Rfd8 21. Bg5
f6 22. Bd2 Qf7 23. Re1 Bf8 24. Bf4 Bd6 25. Bb1 Nd5 26. Bd2 Re8 27. Ba2 Kh8 28.
Re2 Re7 29. Bxd5 exd5 30. Rxe7 Qxe7 31. Qxd5 Rd8 32. Re1 Qd7 33. Bf4 Bf8 34.
Qxd7 Rxd7 35. Re8 Kg8 36. Rb8 Kf7 37. Kf1 a5 38. bxa5 Bxa3 39. Ke2 Ke6 40. Kd3
Kd5 41. Ra8 Bb4 42. Ra7 Re7 43. h5 g6 44. Bh6 Rc7 45. Bd2 Bxd2 46. Kxd2 Kxd4
47. a6 Rc6 48. axb7 Rb6 49. h6 g5 50. g4 Rb2+ 51. Kc1 Rb3 52. Kc2 Rb6 53. f3
Kc4 54. b8=Q Rxb8 55. Rxh7 Kd5 56. Re7 Kd6 57. Rg7 Rh8 58. h7 Ke6 59. Kd3 f5
60. Kd4 fxg4 61. fxg4 Kf6 62. Ra7 Kg6 63. Ke5 Re8+ 64. Kd6 Rh8 65. Ke6 1/2-1/2

[Event "4. Moscu Open 2008"]
[Site "Moscu RUS"]
[Date "2008.02.08"]
[Round "7.10"]
[White "Najer, Evgeniy"]
[Black "Rychagov, Andrey"]
[Result "1/2-1/2"]
[WhiteElo "2634"]
[BlackElo "2551"]
[PlyCount "83"]
[EventDate "2008.02.02"]
[EventType "swiss"]
[EventRounds "9"]
[EventCountry "RUS"]
[Source "lmi"]
[SourceDate "2008.02.02"]

1. e4 e6 2. d4 d5 3. Nc3 Nf6 4. Bg5 dxe4 5. Nxe4 Nbd7 6. Nf3 h6 7. Nxf6+ Nxf6
8. Be3 Nd5 9. Qd2 Bb4 10. c3 Bd6 11. O-O-O Qe7 12. Ne5 Bxe5 13. dxe5 Bd7 14.
Qd4 Nxe3 15. Qxe3 Bc6 16. Bd3 b6 17. Bc2 Rd8 18. Rxd8+ Qxd8 19. f4 Qd5 20. Bb3
Qxg2 21. Rg1 Qe4 22. Qd2 g6 23. h4 h5 24. Re1 Qg2 25. Qxg2 Bxg2 26. Kd2 Ke7 27.
Ke3 Bd5 28. Bc2 a5 29. a3 c5 30. Ba4 Bc4 31. Rd1 b5 32. Bc2 Rb8 33. Rd6 Bd5 34.
Ra6 b4 35. Rxa5 bxc3 36. bxc3 Rb2 37. Be4 Bxe4 38. Kxe4 Rh2 39. Rxc5 Rxh4 40.
Rc7+ Kf8 41. Kf3 Rh1 42. Ke4 1/2-1/2

[Event "4. Moscu Open 2008"]
[Site "Moscu RUS"]
[Date "2008.02.08"]
[Round "7.11"]
[White "Nguyen, Ngoc Truong Son"]
[Black "Kobalia, Mikhail"]
[Result "0-1"]
[WhiteElo "2551"]
[BlackElo "2623"]
[PlyCount "112"]
[EventDate "2008.02.02"]
[EventType "swiss"]
[EventRounds "9"]
[EventCountry "RUS"]
[Source "lmi"]
[SourceDate "2008.02.02"]

1. d4 d5 2. c4 e6 3. Nc3 c6 4. Nf3 dxc4 5. a4 Bb4 6. e4 Nf6 7. e5 Nd5 8. Bd2 b5
9. axb5 Bxc3 10. bxc3 cxb5 11. Ng5 Nc6 12. Qh5 Qe7 13. Be2 b4 14. O-O h6 15.
Ne4 bxc3 16. Bc1 Ncb4 17. Bxc4 O-O 18. Bg5 f6 19. Bc1 f5 20. Nd6 a5 21. Qg6 Kh8
22. Rd1 Bd7 23. Bxd5 Nxd5 24. Rd3 Be8 25. Qg3 f4 26. Qf3 Bg6 27. Rxc3 Nxc3 28.
Qxc3 f3 29. g3 a4 30. h3 Qd7 31. Kh2 Ra6 32. Qc4 Rfa8 33. Ba3 Rb6 34. g4 Rab8
35. Bc5 Rb2 36. Kg3 Ra8 37. h4 Rc2 38. Qb5 Qxb5 39. Nxb5 Rb8 40. Nd6 h5 41.
gxh5 Bxh5 42. Ne4 Be8 43. Ng5 Bd7 44. h5 Rbb2 45. Nh3 Bc6 46. Kf4 Rb3 47. Bd6
Rc4 48. Kg5 Kh7 49. Nf4 Rb2 50. Rf1 Rcc2 51. Nh3 Bb5 52. Ra1 Rxf2 53. Nxf2 Rxf2
54. d5 Rg2+ 55. Kf4 f2 56. Kf3 Rg1 0-1

[Event "4. Moscu Open 2008"]
[Site "Moscu RUS"]
[Date "2008.02.08"]
[Round "7.12"]
[White "Deviatkin, Andrei"]
[Black "Potkin, Vladimir"]
[Result "1/2-1/2"]
[WhiteElo "2543"]
[BlackElo "2609"]
[PlyCount "59"]
[EventDate "2008.02.02"]
[EventType "swiss"]
[EventRounds "9"]
[EventCountry "RUS"]
[Source "lmi"]
[SourceDate "2008.02.02"]

1. d4 d5 2. Nf3 Nf6 3. c4 e6 4. Bg5 h6 5. Bxf6 Qxf6 6. Nbd2 Nd7 7. g3 g5 8. h3
Bg7 9. Bg2 O-O 10. O-O c5 11. e3 b6 12. cxd5 exd5 13. Nb1 Bb7 14. Nc3 Rfd8 15.
Qd2 Rac8 16. Rad1 Nf8 17. Ne5 cxd4 18. exd4 Ng6 19. Ng4 Qd6 20. Ne3 Ne7 21. f4
Rf8 22. fxg5 hxg5 23. Nf5 Nxf5 24. Rxf5 Qxg3 25. Rxg5 Qh4 26. Rf1 f5 27. Bxd5+
Bxd5 28. Nxd5 Kh7 29. Qg2 Bxd4+ 30. Kh1 1/2-1/2

[Event "4. Moscu Open 2008"]
[Site "Moscu RUS"]
[Date "2008.02.08"]
[Round "7.13"]
[White "Le, Quang Liem"]
[Black "Kuzubov, Yuriy"]
[Result "1/2-1/2"]
[WhiteElo "2540"]
[BlackElo "2606"]
[PlyCount "66"]
[EventDate "2008.02.02"]
[EventType "swiss"]
[EventRounds "9"]
[EventCountry "RUS"]
[Source "lmi"]
[SourceDate "2008.02.02"]

1. d4 d5 2. c4 c6 3. Nc3 Nf6 4. cxd5 cxd5 5. Bf4 Nc6 6. e3 a6 7. Rc1 e6 8. Bd3
Be7 9. h3 O-O 10. Nf3 Bd7 11. O-O Rc8 12. Qe2 h6 13. a3 b5 14. Ne5 Be8 15. a4
Nb4 16. axb5 Nxd3 17. Qxd3 axb5 18. Nxb5 Rxc1 19. Rxc1 Qb6 20. Nc7 Qxb2 21. Rb1
Qa2 22. Rb7 Ne4 23. f3 Nd6 24. Qb1 Qxb1+ 25. Rxb1 g5 26. Bh2 Ba4 27. Ra1 Rc8
28. Nxd5 exd5 29. Rxa4 Rc1+ 30. Kf2 Rc2+ 31. Kg1 Rc1+ 32. Kf2 Rc2+ 33. Kg1 Rc1+
1/2-1/2

[Event "4. Moscu Open 2008"]
[Site "Moscu RUS"]
[Date "2008.02.08"]
[Round "7.14"]
[White "Yudin, Sergei"]
[Black "Smirnov, Pavel"]
[Result "0-1"]
[WhiteElo "2519"]
[BlackElo "2599"]
[PlyCount "80"]
[EventDate "2008.02.02"]
[EventType "swiss"]
[EventRounds "9"]
[EventCountry "RUS"]
[Source "lmi"]
[SourceDate "2008.02.02"]

1. e4 g6 2. d4 Bg7 3. Nc3 d6 4. g3 Nf6 5. Bg2 O-O 6. Nge2 e5 7. h3 c6 8. a4 a5
9. Be3 Na6 10. O-O Nb4 11. f4 Nh5 12. g4 Nxf4 13. Nxf4 exf4 14. Bxf4 f5 15.
exf5 gxf5 16. g5 Be6 17. Qd2 Qd7 18. Rfe1 Rae8 19. Ne2 Bd5 20. Ng3 Be4 21. Rac1
Nd5 22. c3 c5 23. dxc5 Nxf4 24. Qxf4 Be5 25. Qf2 Bxg3 26. Qxg3 f4 27. Qf2 f3
28. Bf1 d5 29. Rcd1 Qxa4 30. c4 dxc4 31. Rd4 Bd3 32. Rxe8 Qxe8 33. Bxd3 cxd3
34. Rxd3 Qe4 35. Rc3 Rf5 36. Kh2 Qe5+ 37. Kh1 Qe2 38. Rc2 Qe4 39. Rc3 Kf7 40.
Re3 Qxe3 0-1

[Event "4. Moscu Open 2008"]
[Site "Moscu RUS"]
[Date "2008.02.08"]
[Round "7.15"]
[White "Zabotin, Alexander"]
[Black "Lysyj, Igor"]
[Result "1/2-1/2"]
[WhiteElo "2495"]
[BlackElo "2593"]
[PlyCount "80"]
[EventDate "2008.02.02"]
[EventType "swiss"]
[EventRounds "9"]
[EventCountry "RUS"]
[Source "lmi"]
[SourceDate "2008.02.02"]

1. c4 e6 2. Nf3 b6 3. Nc3 Bb7 4. a3 c5 5. d4 cxd4 6. Nxd4 Nf6 7. f3 Nc6 8. e4
Nxd4 9. Qxd4 Bc5 10. Qd3 d5 11. cxd5 exd5 12. e5 Nd7 13. f4 O-O 14. b4 Be7 15.
Be2 a5 16. Rb1 axb4 17. axb4 Bh4+ 18. g3 d4 19. Ne4 f5 20. exf6 Nxf6 21. Nxf6+
Bxf6 22. O-O Re8 23. Bf3 Bxf3 24. Rxf3 Qd5 25. Bd2 Ra2 26. Rf2 Rea8 27. Rc1
R2a3 28. Qc4 Qxc4 29. Rxc4 Ra1+ 30. Kg2 Rd1 31. f5 d3 32. Be3 b5 33. Rc7 Re8
34. Kf3 h5 35. Bf4 Bd4 36. Rd2 Rf1+ 37. Kg2 Rg1+ 38. Kf3 Rf1+ 39. Kg2 Rg1+ 40.
Kf3 Rf1+ 1/2-1/2

[Event "4. Moscu Open 2008"]
[Site "Moscu RUS"]
[Date "2008.02.08"]
[Round "7.17"]
[White "Zherebukh, Yaroslav"]
[Black "Kurnosov, Igor"]
[Result "0-1"]
[WhiteElo "2420"]
[BlackElo "2577"]
[PlyCount "106"]
[EventDate "2008.02.02"]
[EventType "swiss"]
[EventRounds "9"]
[EventCountry "RUS"]
[Source "lmi"]
[SourceDate "2008.02.02"]

1. e4 e5 2. Nf3 Nc6 3. Bb5 a6 4. Ba4 Nf6 5. O-O Be7 6. Re1 b5 7. Bb3 O-O 8. c3
d6 9. h3 Nb8 10. d4 Nbd7 11. Nbd2 Bb7 12. Bc2 c5 13. b3 Re8 14. d5 Nb6 15. a4
Bc8 16. Bd3 Bd7 17. a5 Nc8 18. b4 c4 19. Bc2 g6 20. Nf1 Nh5 21. Be3 Bf6 22. Qd2
Bg7 23. Ng3 Nf4 24. Ne2 Nxe2+ 25. Qxe2 f5 26. exf5 gxf5 27. Bg5 Bf6 28. Qd2 Kh8
29. Bxf6+ Qxf6 30. Qg5 Qxg5 31. Nxg5 Kg7 32. Nf3 Ne7 33. Rad1 Kf6 34. g3 Rg8
35. Nh4 Be8 36. Rd2 Bf7 37. Red1 e4 38. Kh2 Ng6 39. Nxg6 hxg6 40. f4 exf3 41.
Rf1 Rae8 42. Rxf3 Re5 43. g4 Rxd5 44. Rdf2 Be6 45. Be4 Re5 46. Bc2 Re8 47. h4
Bd5 48. Rf4 Re1 49. Rd4 R8e2 50. Rd2 Rh1+ 51. Kg3 Rg1+ 52. Kh2 Rxf2+ 53. Rxf2
Rxg4 0-1

[Event "4. Moscu Open 2008"]
[Site "Moscu RUS"]
[Date "2008.02.08"]
[Round "7.18"]
[White "Miroshnichenko, Evgenij"]
[Black "Safarli, Eltaj"]
[Result "1-0"]
[WhiteElo "2647"]
[BlackElo "2496"]
[PlyCount "81"]
[EventDate "2008.02.02"]
[EventType "swiss"]
[EventRounds "9"]
[EventCountry "RUS"]
[Source "lmi"]
[SourceDate "2008.02.02"]

1. d4 Nf6 2. Nf3 e6 3. c4 b6 4. g3 Ba6 5. Qc2 c5 6. d5 exd5 7. cxd5 g6 8. Nc3
Bg7 9. Bg2 O-O 10. O-O d6 11. Re1 b5 12. a3 Nbd7 13. e4 Ng4 14. h3 Nge5 15.
Nxe5 Nxe5 16. f4 Nd7 17. Be3 Rc8 18. Kh2 h5 19. e5 dxe5 20. f5 Qb6 21. Qf2 Qf6
22. Ne4 Qxf5 23. Qe2 Nb6 24. Nxc5 Rxc5 25. Bxc5 Rd8 26. Rad1 Nc4 27. Be7 Re8
28. d6 Bc8 29. b3 Nb6 30. Qxb5 Bd7 31. Qf1 Qe6 32. a4 a5 33. b4 axb4 34. a5 Na4
35. Bd5 Qf5 36. Qg2 Rc8 37. Rf1 Qc2 38. Rd2 Qc3 39. Rxf7 Kh8 40. Bg5 Nc5 41.
Rc2 1-0

[Event "4. Moscu Open 2008"]
[Site "Moscu RUS"]
[Date "2008.02.08"]
[Round "7.20"]
[White "Asrian, Karen"]
[Black "Maslak, Konstantin"]
[Result "1-0"]
[WhiteElo "2621"]
[BlackElo "2510"]
[PlyCount "81"]
[EventDate "2008.02.02"]
[EventType "swiss"]
[EventRounds "9"]
[EventCountry "RUS"]
[Source "lmi"]
[SourceDate "2008.02.02"]

1. e4 e6 2. d4 d5 3. Nd2 dxe4 4. Nxe4 Nd7 5. Nf3 Ngf6 6. Nxf6+ Nxf6 7. c3 c5 8.
Ne5 a6 9. Be3 Qc7 10. Qa4+ Nd7 11. Bb5 cxd4 12. Bxd7+ Bxd7 13. Qxd4 Bb5 14. a4
Bd6 15. Nxf7 Kxf7 16. axb5 axb5 17. Rd1 Be7 18. O-O Rhd8 19. Qe4 Rxd1 20. Rxd1
h6 21. h3 Rd8 22. Qf3+ Kg8 23. Rxd8+ Bxd8 24. Qg4 Qc4 25. Bd4 Qc7 26. Qxe6+ Qf7
27. Qxf7+ Kxf7 28. Kf1 h5 29. Ke2 g6 30. Kd3 Ke6 31. Ke4 Be7 32. g3 Bf8 33. f4
Be7 34. g4 hxg4 35. hxg4 Bf8 36. f5+ gxf5+ 37. gxf5+ Kd6 38. Be5+ Kc5 39. b4+
Kc6 40. f6 Kd7 41. Kf5 1-0

[Event "4. Moscu Open 2008"]
[Site "Moscu RUS"]
[Date "2008.02.08"]
[Round "7.21"]
[White "Aleksandrov, Aleksej"]
[Black "Geller, Jakov"]
[Result "1-0"]
[WhiteElo "2618"]
[BlackElo "2511"]
[PlyCount "67"]
[EventDate "2008.02.02"]
[EventType "swiss"]
[EventRounds "9"]
[EventCountry "RUS"]
[Source "lmi"]
[SourceDate "2008.02.02"]

1. d4 d5 2. c4 e6 3. Nc3 c6 4. e3 Nf6 5. Qc2 Bd6 6. Nf3 Nbd7 7. g4 h6 8. Bd2
dxc4 9. Bxc4 b5 10. Be2 Bb7 11. g5 hxg5 12. Nxg5 Qb6 13. Nce4 c5 14. Nxd6+ Qxd6
15. dxc5 Nxc5 16. Rg1 Rc8 17. Nxf7 Nd3+ 18. Qxd3 Qxd3 19. Bxd3 Kxf7 20. Bg6+
Kg8 21. Bc3 Bd5 22. Rd1 Kf8 23. e4 Bxa2 24. Ra1 Bb3 25. Rxa7 Rxh2 26. Rb7 Rd8
27. Rxb5 Ba4 28. Rbg5 Bc2 29. Bb4+ Kg8 30. Be7 Rd7 31. Rc5 Rxe7 32. Rxc2 Nd7
33. Rc7 Rh3 34. Rg3 1-0

[Event "4. Moscu Open 2008"]
[Site "Moscu RUS"]
[Date "2008.02.08"]
[Round "7.22"]
[White "Guseinov, Gadir"]
[Black "Kosyrev, Vladimir"]
[Result "1/2-1/2"]
[WhiteElo "2617"]
[BlackElo "2509"]
[PlyCount "63"]
[EventDate "2008.02.02"]
[EventType "swiss"]
[EventRounds "9"]
[EventCountry "RUS"]
[Source "lmi"]
[SourceDate "2008.02.02"]

1. e4 e6 2. Nc3 d5 3. d4 Nc6 4. Nf3 Nf6 5. e5 Ne4 6. Ne2 f6 7. Ng3 fxe5 8. Bb5
exd4 9. Nxe4 dxe4 10. Nxd4 Qd5 11. Nxc6 a6 12. Ba4 Bd7 13. O-O Bxc6 14. Bxc6+
Qxc6 15. Qh5+ g6 16. Qe5 Rg8 17. Bg5 Bg7 18. Bf6 Bxf6 19. Qxf6 Rf8 20. Qh4 Rf7
21. c3 Qb6 22. b3 e3 23. fxe3 Qxe3+ 24. Kh1 Qxc3 25. h3 Rxf1+ 26. Rxf1 Qg7 27.
b4 c6 28. a4 Qe5 29. Qc4 Qd6 30. Qh4 Qe5 31. Qc4 Qd6 32. Qh4 1/2-1/2

[Event "4. Moscu Open 2008"]
[Site "Moscu RUS"]
[Date "2008.02.08"]
[Round "7.23"]
[White "Korotylev, Alexey"]
[Black "Nikolenko, Oleg"]
[Result "1/2-1/2"]
[WhiteElo "2607"]
[BlackElo "2509"]
[PlyCount "33"]
[EventDate "2008.02.02"]
[EventType "swiss"]
[EventRounds "9"]
[EventCountry "RUS"]
[Source "lmi"]
[SourceDate "2008.02.02"]

1. d4 Nf6 2. c4 g6 3. Nc3 d5 4. cxd5 Nxd5 5. Bd2 Bg7 6. e4 Nb6 7. Be3 O-O 8.
Bb5 a6 9. Be2 Nc6 10. d5 Ne5 11. Bd4 c5 12. Bxc5 Nbc4 13. Qb3 b5 14. Rd1 Bd7
15. Nf3 Nxf3+ 16. gxf3 Qc7 17. Bd4 1/2-1/2

[Event "4. Moscu Open 2008"]
[Site "Moscu RUS"]
[Date "2008.02.08"]
[Round "7.24"]
[White "Kazhgaleyev, Murtas"]
[Black "Ivanov, Victor L"]
[Result "1-0"]
[WhiteElo "2594"]
[BlackElo "2495"]
[PlyCount "54"]
[EventDate "2008.02.02"]
[EventType "swiss"]
[EventRounds "9"]
[EventCountry "RUS"]
[Source "lmi"]
[SourceDate "2008.02.02"]

1. d4 d5 2. c4 c6 3. Nc3 Nf6 4. Nf3 dxc4 5. a4 Bf5 6. Nh4 e6 7. Nxf5 exf5 8. e3
Bb4 9. Bxc4 O-O 10. Qc2 g6 11. O-O Nbd7 12. f3 Qb6 13. Ba2 c5 14. dxc5 Bxc5 15.
Kh1 Bxe3 16. a5 Qd4 17. Nb5 Qe5 18. Bxe3 Qxe3 19. Nd6 Qc5 20. Qd2 f4 21. Rfe1
Qg5 22. Re7 Ne5 23. Re1 Nfg4 24. Nxf7 Nxf7 25. fxg4 Qxg4 26. h3 Qf5 27. Rxb7
Rab8 1-0

[Event "4. Moscu Open 2008"]
[Site "Moscu RUS"]
[Date "2008.02.08"]
[Round "7.25"]
[White "Savchenko, Boris"]
[Black "Demchenko, Anton"]
[Result "0-1"]
[WhiteElo "2589"]
[BlackElo "2491"]
[PlyCount "90"]
[EventDate "2008.02.02"]
[EventType "swiss"]
[EventRounds "9"]
[EventCountry "RUS"]
[Source "lmi"]
[SourceDate "2008.02.02"]

1. Nf3 Nf6 2. c4 g6 3. g3 Bg7 4. Bg2 O-O 5. Nc3 d6 6. d4 Nbd7 7. O-O e5 8. Qc2
Re8 9. Rd1 c6 10. e4 a5 11. h3 a4 12. Be3 Qa5 13. d5 Bf8 14. Ne1 Nc5 15. Nd3
Nxd3 16. Rxd3 cxd5 17. cxd5 Bd7 18. a3 Rec8 19. Qd2 Be8 20. Rf1 Nd7 21. Bh6 Bg7
22. Bxg7 Kxg7 23. f4 Nc5 24. Re3 Bb5 25. Rf2 Nb3 26. Qe1 Nd4 27. Bf1 Bd7 28.
Rd3 f6 29. Qe3 Rf8 30. g4 h6 31. g5 hxg5 32. fxg5 fxg5 33. Qxg5 Rxf2 34. Kxf2
Rf8+ 35. Kg2 Qb6 36. Qc1 Rf4 37. Re3 Qd8 38. Rg3 Qf6 39. Kg1 Nf3+ 40. Kh1 Qh4
41. Ne2 Rf7 42. Qe3 Nd4 43. Kg2 Nc2 44. Qc1 Bxh3+ 45. Rxh3 Ne1+ 0-1

[Event "4. Moscu Open 2008"]
[Site "Moscu RUS"]
[Date "2008.02.08"]
[Round "7.26"]
[White "Iordachescu, Viorel"]
[Black "Ulko, Jaroslav"]
[Result "1-0"]
[WhiteElo "2586"]
[BlackElo "2482"]
[PlyCount "73"]
[EventDate "2008.02.02"]
[EventType "swiss"]
[EventRounds "9"]
[EventCountry "RUS"]
[Source "lmi"]
[SourceDate "2008.02.02"]

1. e4 e5 2. Nf3 Nf6 3. Nxe5 d6 4. Nf3 Nxe4 5. d4 d5 6. Bd3 Bd6 7. O-O O-O 8. c4
c6 9. Re1 Bf5 10. Nc3 Nxc3 11. bxc3 Bxd3 12. Qxd3 dxc4 13. Qxc4 Nd7 14. Qb3 Qc7
15. c4 Rfe8 16. Bb2 Qb6 17. Qc2 Qa5 18. g3 Be7 19. Re3 Bf6 20. Rae1 Rxe3 21.
Rxe3 Nf8 22. h4 h6 23. a4 Qd8 24. Qb3 Qd7 25. a5 Rd8 26. Kg2 a6 27. Ne5 Bxe5
28. Rxe5 Ng6 29. Re1 Qg4 30. Kf1 Rd6 31. Qd3 f5 32. d5 cxd5 33. Ba3 Rf6 34.
Qxd5+ Kh7 35. Qd8 h5 36. Bb2 Rf8 37. Re8 1-0

[Event "4. Moscu Open 2008"]
[Site "Moscu RUS"]
[Date "2008.02.08"]
[Round "7.27"]
[White "Grigoriants, Sergey"]
[Black "Gabrielian, Artur"]
[Result "0-1"]
[WhiteElo "2583"]
[BlackElo "2479"]
[PlyCount "57"]
[EventDate "2008.02.02"]
[EventType "swiss"]
[EventRounds "9"]
[EventCountry "RUS"]
[Source "lmi"]
[SourceDate "2008.02.02"]

1. c4 e5 2. g3 Nf6 3. Bg2 d5 4. cxd5 Nxd5 5. Nf3 Nc6 6. O-O Nb6 7. d3 Be7 8. a3
O-O 9. Nbd2 Be6 10. b4 f6 11. Bb2 a6 12. Qc2 Qd7 13. Rfd1 Rfd8 14. Ne4 Qe8 15.
Nc5 Bxc5 16. bxc5 Nd7 17. d4 exd4 18. Nxd4 Nde5 19. Nxe6 Qxe6 20. Bxe5 fxe5 21.
e3 Rdb8 22. Be4 g6 23. Qe2 Kg7 24. Rdb1 Rf8 25. Rb2 Qf6 26. Rd1 Rf7 27. Bxc6
bxc6 28. Rbd2 h5 29. h4 0-1

[Event "4. Moscu Open 2008"]
[Site "Moscu RUS"]
[Date "2008.02.08"]
[Round "7.28"]
[White "Khruschiov, Alexey"]
[Black "Belov, Vladimir"]
[Result "1/2-1/2"]
[WhiteElo "2504"]
[BlackElo "2578"]
[PlyCount "39"]
[EventDate "2008.02.02"]
[EventType "swiss"]
[EventRounds "9"]
[EventCountry "RUS"]
[Source "lmi"]
[SourceDate "2008.02.02"]

1. e4 e6 2. d4 d5 3. Nc3 Bb4 4. e5 c5 5. a3 Ba5 6. dxc5 Bxc3+ 7. bxc3 Qc7 8.
Nf3 Nd7 9. Bb5 Ne7 10. O-O O-O 11. Bxd7 Bxd7 12. Be3 Rfc8 13. Qd2 Nc6 14. Rfe1
Be8 15. c4 dxc4 16. Qc3 Ne7 17. Qxc4 Nd5 18. c3 Nxe3 19. Rxe3 Qxc5 20. Qd4
1/2-1/2

[Event "4. Moscu Open 2008"]
[Site "Moscu RUS"]
[Date "2008.02.08"]
[Round "7.29"]
[White "Andreikin, Dmitry"]
[Black "Bigaliev, Renat"]
[Result "1-0"]
[WhiteElo "2573"]
[BlackElo "2410"]
[PlyCount "59"]
[EventDate "2008.02.02"]
[EventType "swiss"]
[EventRounds "9"]
[EventCountry "RUS"]
[Source "lmi"]
[SourceDate "2008.02.02"]

1. e4 e5 2. Nf3 Nc6 3. Bb5 a6 4. Ba4 Nf6 5. O-O Be7 6. Bxc6 dxc6 7. d3 Nd7 8.
Nbd2 O-O 9. Nc4 f6 10. Nh4 Nc5 11. Nf5 Bxf5 12. exf5 Qd7 13. Qg4 Rfe8 14. Be3
g6 15. f4 e4 16. b4 Na4 17. dxe4 Bxb4 18. Rad1 Qf7 19. e5 Qxc4 20. fxg6 fxe5
21. Rd7 h6 22. Qh4 Bf8 23. Qf6 Qe6 24. Qf7+ Qxf7 25. gxf7+ Kh8 26. fxe8=R Rxe8
27. fxe5 Nb6 28. Bxb6 cxb6 29. Rf5 Bg7 30. Rxb7 1-0

[Event "4. Moscu Open 2008"]
[Site "Moscu RUS"]
[Date "2008.02.08"]
[Round "7.31"]
[White "Bagirov, Rufat"]
[Black "Khismatullin, Denis"]
[Result "0-1"]
[WhiteElo "2495"]
[BlackElo "2564"]
[PlyCount "86"]
[EventDate "2008.02.02"]
[EventType "swiss"]
[EventRounds "9"]
[EventCountry "RUS"]
[Source "lmi"]
[SourceDate "2008.02.02"]

1. d4 Nf6 2. c4 g6 3. Nc3 Bg7 4. e4 O-O 5. Be2 d6 6. Bg5 Na6 7. f4 c6 8. Nf3
Nc7 9. Bh4 b5 10. e5 Ng4 11. Qd2 dxe5 12. Nxe5 Nxe5 13. dxe5 Qxd2+ 14. Kxd2 Bh6
15. Rhf1 Ne6 16. Ke3 Nxf4 17. Rxf4 g5 18. Kf2 gxh4 19. Rxh4 Bg7 20. cxb5 Rb8
21. Bd3 Bxe5 22. Bxh7+ Kg7 23. Be4 cxb5 24. Rd1 e6 25. Rg4+ Kf6 26. Bf3 b4 27.
Na4 b3 28. a3 Ke7 29. Rd2 f5 30. Rc4 Rd8 31. Rxd8 Kxd8 32. Bd1 Bd7 33. Nc3 Ke7
34. h4 a5 35. Ke3 Bg7 36. Bf3 e5 37. g4 e4 38. Bd1 fxg4 39. Rxe4+ Kd6 40. Rc4
g3 41. Ne4+ Ke7 42. Nc3 Bxc3 43. Rxc3 Rg8 0-1

[Event "4. Moscu Open 2008"]
[Site "Moscu RUS"]
[Date "2008.02.08"]
[Round "7.32"]
[White "Yandemirov, Valeri"]
[Black "Vovk, Yuri"]
[Result "1-0"]
[WhiteElo "2461"]
[BlackElo "2561"]
[PlyCount "83"]
[EventDate "2008.02.02"]
[EventType "swiss"]
[EventRounds "9"]
[EventCountry "RUS"]
[Source "lmi"]
[SourceDate "2008.02.02"]

1. e4 c5 2. Nf3 Nc6 3. Bb5 e6 4. Bxc6 bxc6 5. d3 Ne7 6. Bd2 Qc7 7. e5 f6 8. Qe2
Ng6 9. Bc3 Be7 10. g3 O-O 11. Nbd2 fxe5 12. Nxe5 Nxe5 13. Bxe5 d6 14. Bc3 e5
15. O-O-O Be6 16. b3 Qd7 17. Rde1 Bg5 18. f3 Bd5 19. Rhf1 Qf7 20. Kb1 Bxd2 21.
Qxd2 Bxf3 22. Rf2 Qh5 23. Ref1 Rf7 24. Bb2 Raf8 25. Bc1 h6 26. Qe3 Qg4 27. Bd2
Rf5 28. Bc1 Qd4 29. Qe1 R8f7 30. h3 h5 31. Bb2 Qd5 32. Qe3 e4 33. g4 hxg4 34.
hxg4 Bxg4 35. dxe4 Qe6 36. Rxf5 Bxf5 37. Qg5 Qxe4 38. Qd8+ Rf8 39. Qxd6 Qd5 40.
Qg3 Qd7 41. Rg1 Rf7 42. Qb8+ 1-0

[Event "4. Moscu Open 2008"]
[Site "Moscu RUS"]
[Date "2008.02.08"]
[Round "7.34"]
[White "Novikov, Stanislav"]
[Black "Agaragimov, Djahangir"]
[Result "1-0"]
[WhiteElo "2545"]
[BlackElo "2314"]
[PlyCount "49"]
[EventDate "2008.02.02"]
[EventType "swiss"]
[EventRounds "9"]
[EventCountry "RUS"]
[Source "lmi"]
[SourceDate "2008.02.02"]

1. d4 Nf6 2. g3 g6 3. Bg2 Bg7 4. e4 d6 5. Ne2 O-O 6. Nbc3 Na6 7. O-O c5 8. d5
Nc7 9. a4 Rb8 10. Bf4 Nfe8 11. Qd3 b6 12. Rfb1 Bb7 13. h4 Qd7 14. h5 Qg4 15.
hxg6 fxg6 16. Nb5 a5 17. f3 Qd7 18. Kh2 Nxb5 19. axb5 Bc8 20. Bh3 Qd8 21. Bxc8
Qxc8 22. Kg2 Rb7 23. Rd1 e5 24. dxe6 Qxe6 25. Be3 1-0